Toxický šokový syndróm

Bibliographic Details
Main Author: Richterová, J. (Author)
Corporate Author: Cyrilometodský deň (Author)
Format: Conference Proceeding Article
Language:Slovak
ISSN:1335-7654
Subjects:

MARC

LEADER 00000nab a2200000 a 4500
001 vtls000793220
003 SK-MaSNL
005 20260303223752.0
008 160405c2001 xo 0 slo
015 |a SNBRB2002/06-18377 
035 |a CLN000144875 
040 |a SNKBUCL  |b slo  |c SNKBUCL  |e AACR2 
041 0 |a slo 
044 |a xo  |c SK 
080 |a 616.94-001.36:616.155  |2 1997 
100 1 |a Richterová, J.  |4 aut  |9 1258707 
245 1 0 |a Toxický šokový syndróm  |c J. Richterová 
650 0 7 |a diagnostika (medicína)  |2 SNKPH  |9 28740 
650 0 7 |a endotoxíny  |2 SNK  |9 92497 
650 0 7 |a testy toxicity  |2 SNK  |9 28062 
650 0 7 |a diagnóza  |2 SNKPH  |9 2604 
650 0 7 |a Streptococcus pyogenes  |2 SNK  |9 891409 
650 0 7 |a vankomycín  |2 SNKPH  |9 18215 
650 0 7 |a abstrakty z kongresu  |2 SNKPH  |9 168204 
650 0 7 |a septický šok  |2 SNKPH  |9 169787 
655 7 |a články z novín a časopisov  |2 SNK  |9 267496 
711 1 |a Cyrilometodský deň  |n (1. :  |d 2001 :  |c Bratislava, Slovensko)  |4 aut  |9 22862 
773 0 |x 1335-7654  |t Speculum nostrum  |g Roč. 2, č. 3 (2001), s. 99 
850 |a Slovenská národná knižnica v Martine 
852 |a SNK  |b KIS3GCP 
958 |a MI 
958 |a RBX 
999 |c 2249255  |d 2251185